000 01047nam a2200277Ia 4500
003 OSt
005 20221005105604.0
006 a|||||r|||| 00| 0
007 ta
008 221004b |||||||| |||| 00| 0 hin d
020 _a9789386687838 (hbk)
_cINR 950.00
024 _a43432
037 _b56, 20/02/2019, Mallika Books
_cTextual
040 _aCRL
_cCRL
_bhin
041 _2hin
_ahin
082 _aO152,1(Delta25):g, Q8
100 _aमेहता, शैलेश के., ले.
245 0 _aभक्तिकालीन हिन्दी साहित्य
246 _aBhaktikālīn hindī sāhitya
260 _aनई दिल्ली
_bरावत प्रकाशन भारत
_c2018
300 _a223पृ0
_ccm.
650 _a हिन्दी साहित्य
650 _aहिन्दी कविता
942 _hO152,1(Delta25):g, Q8
_cTEXL
_2cc
999 _c1016267
_d1016267